Statistics for Swim - Chase Atlantic lyrics

Click here to take the quiz!

General Stats

  • This quiz has been taken 677 times
  • The average score is 230 of 360

Answer Stats

Answer% Correct
I
99%
you
96%
You
96%
swim
93%
Swim
93%
a
89%
in
88%
the
88%
The
88%
no
86%
to
86%
your
86%
me
85%
Out
84%
out
84%
now
83%
Now
83%
on
83%
what
82%
feel
80%
it
79%
day
78%
I'm
78%
California
77%
let
77%
ocean
77%
baby
76%
get
76%
got
75%
running
74%
water
74%
bet
73%
colder
73%
cop
71%
for
71%
getting
71%
dance
70%
devil
70%
Especially
70%
floor
70%
Location
70%
drop
69%
know
69%
with
69%
and
68%
from
68%
like
68%
other
68%
each
67%
since
67%
Oh
66%
one
66%
we've
66%
when
66%
I've
65%
yeah
65%
cops
64%
only
64%
Pedal
64%
hard
62%
ignore
62%
known
62%
So
62%
work
62%
water's
61%
picked
60%
body
59%
demons
59%
shit
59%
been
58%
ya
58%
block
57%
lucked
57%
swimming
57%
stroking
56%
forward
54%
'round
53%
keep
52%
couple
49%
is
49%
open
49%
pills
49%
Pop
49%
'em
48%
smokin
48%
don't
45%
green
45%
light
45%
gotta
44%
her
43%
'specially
43%
wait
43%
But
42%
daytime
42%
night
42%
first
41%
friend
41%
fucked
41%
head
41%
my
41%
wanna
41%
Probably
39%
Heard
38%
shoulders
37%
luckily
36%
Luckily
36%
stage
36%
should've
35%
World
34%
feeling
33%
fright
33%
exorcising
32%
at
30%
Narcolepsy
30%
insane
29%
float
28%
heights
26%
push
20%
can
17%
drip
17%
edge
17%
never
16%
watch
16%
girl
15%
take
15%
up
15%
yah
14%
call
13%
did
13%
even
13%
smoking
13%
though
13%
I'd
12%
pulling
12%
said
12%
again
11%
caught
11%
around
10%
Check
9%
tide
9%
footing
8%
keeps
8%
minute
8%
drowning
7%
rip
7%
there
7%
thrashing
6%
has
5%
currently
4%
Califronia
3%

Score Distribution

Percentile by Number Answered

Percent of People with Each Score

Your Score History

You have not taken this quiz